书目信息 |
| 题名: |
中国海洋文化
|
|
| 作者: | 吕滨 主编 | |
| 分册: | 上海卷 | |
| 出版信息: | 北京 海洋出版社 2016 |
|
| 页数: | 13, 312页, [2] 页图版 | |
| 开本: | 25cm | |
| 丛书名: | ||
| 单 册: | ||
| 中图分类: | P7-092 | |
| 科图分类: | ||
| 主题词: | 海洋--hai yang--文化史--中国 , 海洋--hai yang--文化史--上海市 | |
| 电子资源: | ||
| ISBN: | 978-7-5027-9105-6 | |
| 000 | 01083nam 2200301 450 | |
| 001 | 012017000033 | |
| 005 | 20180111090357.59 | |
| 010 | @a978-7-5027-9105-6@b@dCNY60.00 | |
| 100 | @a20160907d2016 em y0chiy0121 ea | |
| 101 | 0 | @achi |
| 102 | @aCN@b110000 | |
| 105 | @aaf a 000yy | |
| 106 | @ar | |
| 200 | 1 | @a中国海洋文化@Azhong guo hai yang wen hua@g@i上海卷@f《中国海洋文化》编委会编 |
| 210 | @a北京@c海洋出版社@d2016 | |
| 215 | @a13, 312页, [2] 页图版@c彩图@d25cm | |
| 300 | @a国家出版基金项目 | |
| 314 | @a本书主编: 吕滨 | |
| 320 | @a有书目 (第308-310页) | |
| 330 | @a本书系统地阐述了上海因海而生的文化。具体从渔盐文化、海塘文化、海防文化、海洋习俗、海洋庆典、船文化、海洋文学、海洋建筑、港口文化、现在海洋旅游文化、海洋历史名人等方面, 讲述了上海海洋文化从古至今的演变发展过程。 | |
| 517 | 1 | @a上海卷@Ashang hai juan |
| 606 | 0 | @a海洋@Ahai yang@x文化史@y中国 |
| 606 | 0 | @a海洋@Ahai yang@x文化史@y上海市 |
| 690 | @aP7-092@v5 | |
| 701 | 0 | @a吕滨@Alv bin@4主编 |
| 801 | 0 | @aCN@b湖北三新@c20161029@g |
| 905 | @aBZT@dP7-092@e2-13 | |
| 906 | @dCNY60.00@n5@r1 | |
| 中国海洋文化.上海卷/《中国海洋文化》编委会编.-北京:海洋出版社,2016 |
| 13, 312页, [2] 页图版:彩图;25cm |
| 国家出版基金项目 |
| ISBN 978-7-5027-9105-6:CNY60.00 |
| 本书系统地阐述了上海因海而生的文化。具体从渔盐文化、海塘文化、海防文化、海洋习俗、海洋庆典、船文化、海洋文学、海洋建筑、港口文化、现在海洋旅游文化、海洋历史名人等方面, 讲述了上海海洋文化从古至今的演变发展过程。 |
| ● |
| 相关链接 |
|
|
|
正题名:中国海洋文化
索取号:P7-092/2-13
 
预约/预借
| 序号 | 登录号 | 条形码 | 馆藏地/架位号 | 状态 | 备注 |
| 1 | 846851 | 2000846851 | 第二书库/ [索取号:P7-092/2-13] | 在馆 | |
| 2 | 846852 | 2000846852 | 第二书库/ [索取号:P7-092/2-13] | 在馆 | |
| 3 | 846853 | 2000846853 | 第二书库/ [索取号:P7-092/2-13] | 在馆 | |
| 4 | 846854 | 2000846854 | 第二书库/ [索取号:P7-092/2-13] | 在馆 | |
| 5 | 846855 | 2000846855 | 第二书库/ [索取号:P7-092/2-13] | 在馆 |